Základy práva životného prostredia. 6

Platná právna úprava týkajúca sa starostlivosti o lesy resp. oblasti lesov, §24 ods.1 zákona č.61/1977 Zb. Starostlivosť o lesný fond, ochrana lesného fondu, zveľaďovanie a racionálne využívanie lesov.

Guardado en:
Detalles Bibliográficos
Autor principal: Košičiarová, Soňa
Formato: Capítulo de libro
Lenguaje:eslovaco
Materias:
Etiquetas: Agregar Etiqueta
Sin Etiquetas, Sea el primero en etiquetar este registro!

MARC

LEADER 00000naa a2200000 4500
001 r016317
005 20240221133204.1
041 0 |a slo 
044 |a SK 
245 1 0 |a Základy práva životného prostredia. 6  |c Soňa Košičiarová 
520 |a Platná právna úprava týkajúca sa starostlivosti o lesy resp. oblasti lesov, §24 ods.1 zákona č.61/1977 Zb. Starostlivosť o lesný fond, ochrana lesného fondu, zveľaďovanie a racionálne využívanie lesov. 
610 2 0 |a ochrana prostredia životného 
610 2 0 |a poľnohospodárstvo 
610 2 0 |a pôda 
610 2 0 |a lesníctvo 
610 2 0 |a hospodárstvo lesné 
610 2 0 |a ekológia 
610 2 0 |a právo ochrany prostredia 
100 1 |a Košičiarová, Soňa